| 000 | 00864nam a2200229Ia 4500 | ||
|---|---|---|---|
| 003 | Ost | ||
| 005 | 20260507075803.0 | ||
| 008 | 260507s9999||||xx |||||||||||||| ||und|| | ||
| 020 | _a9789931030420 | ||
| 040 | _cfsecg | ||
| 041 | _aara | ||
| 082 | _a658.8 | ||
| 100 |
_aميدون، إيمان _eمؤلف |
||
| 245 | 0 |
_aالبعد الأخلاقي في التسويق / _c إيمان ميدون |
|
| 260 |
_aالجزائر : _bدار هومة للطباعة والنشر والتوزيع, _c2014 |
||
| 300 |
_a247 صفحة؛ _bإيضاحات ؛ _c24 سم |
||
| 504 | _aبيبليوغرافيا: ص ص.239-244 | ||
| 520 | _aيضم الإطار العام للتسويق، الأخلاق وأخلاقيات الأعمال، الأخلاق في التسويق. | ||
| 653 | _aالأخلاق التجارية | ||
| 653 | _aالتسويق | ||
| 942 | _cكتاب | ||
| 999 |
_c46326 _d46326 |
||